000 00320nam a22001337a 4500
008 180905b xxu||||| |||| 00| 0 eng d
020 _a9780618945856
041 _aeng
080 _29 ED
_a541
100 _a12
101 _aKIM
245 _aGeneral Chemistry Student Solution Manual
_cBookin,D
942 _2udc
_cBK
999 _c47537
_d47537